Alterações fisiológicas durante a hidratação de sementes de Dalbergia nigra ((Vell.) Fr. All. ex Benth.) (Registro n. 86491)
[ somente texto ]
| 000 -LÍDER | |
|---|---|
| fixed length control field | 05113nab a2200313 i 4500 |
| 003 - CÓDIGO MARC DA AGÊNCIA CATALOGADORA | |
| Campo de controle | BR-BrBNA |
| 005 - DATA E HORA DA ÚLTIMA ATUALIZAÇÃO | |
| Campo de controle | 20231016135935.0 |
| 008 - CAMPO DE TAMANHO FIXO | |
| fixed length control field | 231016b2016 bl.qr|pooa||| 00| 0 por | |
| 040 ## - FONTE DA CATALOGAÇÃO | |
| Agência catalogadora | BR-BrBNA |
| Idioma da catalogação | por |
| 072 ## - CATEGORIA AGRIS | |
| Código AGRIS | K10 |
| Código do objeto | 3290 |
| 100 ## - ENTRADA PRINCIPAL - NOME PESSOAL | |
| Nome pessoal | Ataíde, Glauciana da Mata |
| 100 ## - ENTRADA PRINCIPAL - NOME PESSOAL | |
| Nome pessoal | Borges, Eduardo Euclydes de Lima e |
| 100 ## - ENTRADA PRINCIPAL - NOME PESSOAL | |
| Nome pessoal | Gonçalves, José Francisco de Carvalho |
| 100 ## - ENTRADA PRINCIPAL - NOME PESSOAL | |
| Nome pessoal | Guimarães, Valéria Monteze |
| 100 ## - ENTRADA PRINCIPAL - NOME PESSOAL | |
| Nome pessoal | Flores, Andressa Vasconcelos |
| 245 ## - TÍTULO PRINCIPAL | |
| Título principal | Alterações fisiológicas durante a hidratação de sementes de Dalbergia nigra ((Vell.) Fr. All. ex Benth.) |
| 500 ## - NOTA GERAL | |
| Nota geral | Publicação on-line; Ind. Lit. EZ; Bibliography p. 623-625 (67 ref.); 4 tables; 3 illus.; Summaries (En, Pt) |
| 942 ## - ADDED ENTRY ELEMENTS (KOHA) | |
| Koha item type | |
| 520 ## - NOTA DE RESUMO | |
| Nota de conteúdo | <br/><br/>RESUMO<br/>Durante a germinação, uma série de eventos sequenciais ocorre nas sementes em resposta a fatores endógenos<br/>e/ou exógenos às mesmas. O objetivo deste trabalho foi investigar as alterações fisiológicas decorrentes<br/>da hidratação controlada em água e da temperatura (fatores exógenos) em sementes de Dalbergia nigra<br/>(jacarandá-da-bahia). Para tanto, dois lotes de sementes, um de alto e um de baixo vigor foram utilizados<br/>nos ensaios. As sementes pertencentes aos dois lotes, após desinfestadas com Captan 0,5%, foram então<br/>hidratadas em água, pelo método da atmosfera úmida (umidade relativa de 95-99%), até atingirem quatro<br/>níveis de hidratação: 10, 15, 20 ou 25% de teor de água nas sementes, nas temperaturas de 15 e 25ºC. Após<br/>os tratamentos foram analisadas as seguintes variáveis: curva de embebição, percentagem de germinação,<br/>índice de velocidade (IVG) e condutividade elétrica. Os resultados mostraram que não houve diferença<br/>significativa na resposta fisiológica das sementes entre as temperaturas. Por outro lado, para a hidratação<br/>verificou-se que até 15% do teor de água aumentou a qualidade fisiológica das sementes de ambos os lotes,<br/>que apresentaram maiores valores de germinação, IVG e menores quantidades de compostos lixiviados. A<br/>partir de 15% de teor de água verificou-se redução na qualidade das sementes classificadas como de alto<br/>vigor, enquanto aquelas de baixo vigor continuaram apresentando respostas positivas em 20 e 25% de teor<br/>de água. Diante disto, conclui-se que a técnica de hidratação controlada em água favorece a germinação<br/>de sementes de Dalbergia nigra, independentemente do vigor das mesmas. A hidratação no teor de água<br/>de 15% é a mais indicada para incrementar a qualidade das sementes. A hidratação nos valores abaixo ou<br/>acima resultaram em redução no estímulo.<br/><br/>Palavras-chave: embebição; germinação; vigor; jacarandá-da-bahia. |
| 520 ## - NOTA DE RESUMO | |
| Nota de conteúdo | <br/><br/>ABSTRACT<br/>During germination, a series of sequential events occur in seeds in response to endogenous and / or<br/>exogenous factors. The objective of this study was to investigate the physiological changes resulting from<br/>the controlled hydration in water and temperature in seeds of jacaranda-da-bahia (Dalbergia nigra). To<br/>this end, two lots of seeds separated as high and low vigor were used in the tests. Seeds belonging to the<br/>two lots, after desinfect, were hydrated in water, with the method of humid atmosphere (relative humidity <br/>95-99%) to reach four hydration levels: 10, 15, 20 and 25% moisture content in seeds, in temperatures<br/>(exogenous factor) of 15 and 25 ° C. After hydration and temperature treatments, were analyzed the<br/>following variables: curve soaking, germination percentage, germination speed index (GSI) and electrical<br/>conductivity. The results showed no significant difference in seeds physiological response between the<br/>temperatures. On the other hand, for hydration was found that up to 15% moisture content increased the<br/>seeds physiological quality of both lots, which showed higher germination values, IVG and smaller amounts<br/>of leached compounds. From 15% moisture content were found a reduction in the quality of seeds classified<br/>as high vigor, while those of low vigor continued to show positive responses in 20 and 25% humidity. Given<br/>this, it is concluded that the technique of controlled hydration in water favors the germination of Dalbergia<br/>nigra seeds, independent of the vigor. Hydration moisture content of 15% is more appropriate to increase<br/>the seeds quality. The hydration in values below or above resulted in a decrease in the stimulus.<br/><br/>Keywords: imbibitions; germination; force; Dalbergia nigra. |
| 650 ## - ASSUNTO - THESAGRO | |
| Cabeçalho tópico ou nome geográfico | EMBEBIÇÃO |
| 650 ## - ASSUNTO - THESAGRO | |
| Cabeçalho tópico ou nome geográfico | DALBERGIA NIGRA |
| 650 ## - ASSUNTO - THESAGRO | |
| Cabeçalho tópico ou nome geográfico | JACARANDÁ |
| 650 ## - ASSUNTO - THESAGRO | |
| Cabeçalho tópico ou nome geográfico | GERMINAÇÃO |
| 650 ## - ASSUNTO - THESAGRO | |
| Cabeçalho tópico ou nome geográfico | TESTE DE VIGOR |
| 773 0# - ENTRADA ANALÍTICA | |
| Host Biblionumber | 4065 |
| Registro do item | 102038 |
| Imprenta | Santa Maria-RS Universidade Federal de Santa Maria - Centro de Pesquisas Florestais.Departamento de Ciências Florestais. Programa de Pós-Graduação em Engenharia Florestal 1991 |
| Outro identificador | 2023-436444 |
| Título | Ciência Florestal (Brazil) |
| ISSN | 0103-9954; 1980-5098 (on-line) |
| Colação | v. 26(2) p. 615-625; (Apr-Jun 2016) |
| Número de controle de registro | BR2023001203 |
| 856 ## - ACESSO E ENDEREÇO ELETRÔNICO | |
| Identificador uniforme de recurso - URI | https://www.scielo.br/j/cflo/a/59dg4WhFD8m3C46mWR9Nvxk/?format=pdf&lang=pt |
Nenhum exemplar disponível.

BINAGRI